| 000 | 00000nam 2200000zi 4500 |
| 001 | 9.948609 |
| 003 | CaOODSP |
| 005 | 20250310151553 |
| 006 | m o d f |
| 007 | cr mn||||||||| |
| 008 | 030325t20252025onc ob f000 0 fre d |
| 040 | |aCaOODSP|bfre|erda|cCaOODSP |
| 043 | |an-cn--- |
| 086 | 1 |aP29-003-517-2025F-PDF |
| 245 | 00|aCarburant diesel. |
| 250 | |a[Édition de février 2025]. |
| 264 | 1|aOttawa (Ontario) : |bOffice des normes générales du Canada : |bConseil canadien des normes, |c2025. |
| 264 | 4|c©2025 |
| 300 | |a1 ressource en ligne (23 pages). |
| 336 | |atexte|btxt|2rdacontent/fre |
| 337 | |ainformatique|bc|2rdamedia/fre |
| 338 | |aressource en ligne|bcr|2rdacarrier/fre |
| 490 | 1 |aNorme nationale du Canada ; |vCAN/CGSB-3.517-2025 |
| 500 | |a« Publiée, février 2025. » |
| 500 | |a« Expérience et excellence » -- Couverture. |
| 500 | |aRemplace CAN/CGSB-3.517-2020. |
| 500 | |aPublié aussi en anglais sous le titre: Diesel fuel. |
| 500 | |aLe fichier de publication en format PDF a été remplacé le 10-03-2025 à la requête de l'Office des normes générales du Canada. |
| 504 | |aComprend des références bibliographiques. |
| 520 | |a« La présente norme nationale du Canada s'applique à deux types de carburant diesel, le type A et le type B, destinés aux moteurs diesels à régime élevé dans des applications sur route et hors route et à certaines pièces d'équipement alimentées par des moteurs diesels à régime moyen » -- Objet, page 1. |
| 650 | 6|aCarburants diesel|xNormes|zCanada. |
| 710 | 2 |aConseil canadien des normes, |eorganisme de publication. |
| 710 | 2 |aOffice des normes générales du Canada, |eorganisme de publication. |
| 775 | 08|tDiesel fuel.|w(CaOODSP)9.948606 |
| 795 | |tCarburant diesel.|b[Édition de février 2020]|w(CaOODSP)9.884943 |
| 830 | #0|aNorme nationale du Canada ;|vno 3.517-2025.|w(CaOODSP)9.504227 |
| 856 | 40|qPDF|s767 Ko|uhttps://publications.gc.ca/collections/collection_2025/ongc-cgsb/P29-003-517-2025-fra.pdf |
| 986 | |aICS 75.160.20|aICS 75.160.40 |